00286 a2200097 450000500170000008200170001710000210003424500440005526000580009930000310015720250522145129.0 a320.531 NYE aNYERERE, J . K . aUjamaa ni Iman 1: Moyo Kabla ya Silaha aDar es salaam,bEast Africa Publication House,c1973. a71p.: ill.; picture,c18cm